An historical essay on architecture

Kaydedildi:
Detaylı Bibliyografya
Yazar: NA200.H77
Materyal Türü: Kitap
Dil:İngilizce
Baskı/Yayın Bilgisi: Cambridge University Press 1840
Etiketler: Etiketle
Etiket eklenmemiş, İlk siz ekleyin!

MARC

LEADER 00000nam a22000007a 4500
008 210830b ||||| |||| 00| 0 eng d
020 |a 97811080680413 
100 |a NA200.H77 
245 |a An historical essay on architecture  |c Thomas Hope  |g xx, 525p 
250 |b 3rd 
260 |b Cambridge University Press  |c 1840  |h London  |i 696142   |i 696143  |i 696144   |i 696145  |l NA200.H77  |m Architecture - History 
500 |a Vol 1 
942 |a lcc  |c BK  |e Johnson  |f 30/08/21 
952 |0 0  |1 0  |2 lcc  |4 0  |6 NA0200 H77  |7 0  |9 3312  |a EDM  |b HOL  |c LP  |d 2021-08-30  |l 0  |o NA200.H77  |p 2021-67023  |r 2021-08-30 00:00:00  |w 2021-08-30  |y BK 
952 |0 0  |1 0  |2 lcc  |4 0  |6 NA0200 H77  |7 0  |9 3313  |a EDM  |b HOL  |c LP  |d 2021-08-30  |l 0  |o NA200.H77  |p 2021-67024  |r 2021-08-30 00:00:00  |w 2021-08-30  |y BK 
952 |0 0  |1 0  |2 lcc  |4 0  |6 NA0200 H77  |7 0  |9 3314  |a HOL  |b HOL  |c LP  |d 2021-08-30  |l 0  |o NA200.H77  |p 2021-67025  |r 2021-08-30 00:00:00  |w 2021-08-30  |y BK 
952 |0 0  |1 0  |2 lcc  |4 0  |6 NA0200 H77  |7 0  |9 3315  |a HOL  |b HOL  |c LP  |d 2021-08-30  |l 0  |o NA200.H77  |p 2021-67026  |r 2021-08-30 00:00:00  |w 2021-08-30  |y BK 
999 |c 1654  |d 1654